Le salaire des ouvriers en Espagne / (Record no. 30416)

MARC details
000 -LEADER
campo de control de longitud fija 00532nam a2200181 i 4500
001 - NÚMERO DE CONTROL
campo de control 30416
003 - IDENTIFICADOR DE NÚMERO DE CONTROL
campo de control ES-MaACL
005 - FECHA Y HORA DE LA ÚLTIMA TRANSACCIÓN
campo de control 20250722063141.0
007 - CAMPO FIJO DE DESCRIPCIÓN FÍSICA--INFORMACIÓN GENERAL
campo de control de longitud fija t|
008 - DATOS DE LONGITUD FIJA--INFORMACIÓN GENERAL
campo de control de longitud fija 030124s1896 sp ||||1| spa d
100 1# - ENTRADA PRINCIPAL--NOMBRE DE PERSONA
Nombre de persona Barthe et Barthe, André
9 (RLIN) 26111
245 13 - MENCIÓN DEL TÍTULO
Título Le salaire des ouvriers en Espagne /
Mención de responsabilidad, etc. André Barthe et Barthe.
260 ## - PUBLICACIÓN, DISTRIBUCIÓN, ETC.
Lugar de publicación, distribución, etc. Madrid :
Nombre del editor, distribuidor, etc. [s.n.],
Fecha de publicación, distribución, etc. 1896 (
Fabricante Richard Fé)
300 ## - DESCRIPCIÓN FÍSICA
Extensión [63] p. ;
Dimensiones 22 cm.
650 04 - PUNTO DE ACCESO ADICIONAL DE MATERIA--TÉRMINO DE MATERIA
Término de materia o nombre geográfico como elemento de entrada Salarios-
Subdivisión geográfica España.
9 (RLIN) 16968
852 ## - LOCALIZACIÓN
Ubicación ES-MaACL
Número de control de estantería T-920-F-2
Holdings
Estatus retirado Estado de pérdida Estado de daño No para préstamo Colección Biblioteca de origen Biblioteca actual Ubicación en estantería Fecha de adquisición Fuente de adquisición Total de préstamos Signatura topográfica completa Código de barras Visto por última vez Precio de reemplazo Tipo de ítem Koha
        Colección de folletos Biblioteca del Ateneo de Madrid Biblioteca del Ateneo de Madrid Depósito folletos 17/01/2008     T-920-F-2 1031404 23/02/2023 23/02/2023 Folleto